Property transactions (Record no. 104727)

MARC details
000 -LEADER
fixed length control field 01331cam a2200277 4500
001 - CONTROL NUMBER
control field ##L131368
008 - FIXED-LENGTH DATA ELEMENTS--GENERAL INFORMATION
fixed length control field 051026n2005 000 0 eng u
020 ## - INTERNATIONAL STANDARD BOOK NUMBER
International Standard Book Number 0421903104
035 ## - SYSTEM CONTROL NUMBER
System control number (Sirsi) u131368
041 0# - LANGUAGE CODE
Language code of text/sound track or separate title eng
050 04 - LIBRARY OF CONGRESS CALL NUMBER
Classification number 336.22 $2 18
100 1# - MAIN ENTRY--PERSONAL NAME
Personal name Douglas, Jane
245 00 - TITLE STATEMENT
Title Property transactions
Remainder of title stamp duty land tax
260 ## - PUBLICATION, DISTRIBUTION, ETC.
Place of publication, distribution, etc. London
Name of publisher, distributor, etc. Sweet and Maxwell
Date of publication, distribution, etc. 2005
300 ## - PHYSICAL DESCRIPTION
Extent xvi, 395p.
Dimensions 22cm.
350 ## - PRICE (NR) (BK AM CF MU VM SE) [OBSOLETE]
Price 79.00
490 #0 - SERIES STATEMENT
Series statement Sweet and Maxwell Practitioner Series
505 1# - FORMATTED CONTENTS NOTE
Formatted contents note What is Stamp Duty Land Tax? -- Rates of SDLT -- Acquisition of a freehold -- Grant of new lease -- Assignment of existing lease -- Other transactions involving leases -- Other transactions -- Partnerships and SDLT -- Reliefs and exemptions -- Procedure -- Compliance.
520 ## - SUMMARY, ETC.
Summary, etc. This practical guide explains the underlying principles of Stamp Duty Land Tax (SDLT) and provides guidance on its application in both residential and commercial property transactions. It covers the Finance Act 2003 and subsequent changes brought in by the Finance Act 2004 and the 2005 Budget. Contains also all the SDLT forms with assistance on how to complete them.
590 ## - LOCAL NOTE (RLIN)
Local note IKA170106
650 24 - SUBJECT ADDED ENTRY--TOPICAL TERM
Topical term or geographic name entry element FINANCE ACT 2003
650 24 - SUBJECT ADDED ENTRY--TOPICAL TERM
Topical term or geographic name entry element FINANCE ACT 2004
690 ## - LOCAL SUBJECT ADDED ENTRY--TOPICAL TERM (OCLC, RLIN)
Topical term or geographic name as entry element PROPERTY-PROPERTY TAXATION
942 ## - ADDED ENTRY ELEMENTS (KOHA)
Suppress in OPAC 0
Holdings
Withdrawn status Lost status Source of classification or shelving scheme Damaged status Not for loan Home library Current library Shelving location Date acquired Cost, normal purchase price Total Checkouts Full call number Barcode Date last seen Date last checked out Copy number Cost, replacement price Price effective from Koha item type
    Dewey Decimal Classification     London London Books 12/01/2006 79.00 1 336.22 DOU 30071490 06/08/2019 06/03/2006 1 79.00 06/08/2019 Book